La ruta de Orellana /

Detalles Bibliográficos
Autor principal: Vázquez-Figueroa, Alberto (Autor)
Formato: Electrónico eBook
Lenguaje:español
Publicado: Barcelona (España) : B de Books, [2012]
Materias:
Acceso en línea:Digitalia Hispánica

MARC

LEADER 00000nam a2200000Ii 4500
001 DIGEDICNSB0238
003 NyNyDIG
006 m o d
007 cr |||||||||||
008 251203s2012 sp o 000 0 spa d
035 |a (OCoLC)1560009640 
040 |a DGITA  |b eng  |e rda  |e pn  |c DGITA 
020 |a 9788490193150  |q eBook 
020 |z 9788498721256 
043 |a sa-----  |a s-ec--- 
050 1 4 |a F2546 ebook 
100 1 |a Vázquez-Figueroa, Alberto,  |e author. 
245 1 3 |a La ruta de Orellana /  |c Alberto Vázquez-Figueroa. 
264 1 |a Barcelona (España) :  |b B de Books,  |c [2012] 
300 |a 1 online resource. 
336 |a text  |b txt  |2 rdacontent 
337 |a computer  |b c  |2 rdamedia 
338 |a online resource  |b cr  |2 rdacarrier 
347 |a text file  |2 rdaft 
347 |b EPUB 
588 0 |a Online resource; title from ePub title page (Digitalia, viewed December 3, 2025) 
600 1 0 |a Vázquez-Figueroa, Alberto  |x Travel  |z Amazon River Valley. 
600 1 0 |a Vázquez-Figueroa, Alberto  |x Travel  |z Ecuador. 
651 0 |a Amazon River Valley  |x Description and travel. 
651 0 |a Ecuador  |x Description and travel. 
791 2 |a Digitalia (Firm),  |e distributor. 
793 0 |g Digitalia eBook Collection:  |a Ediciones B 
776 0 8 |i Print version:  |a Vázquez-Figueroa, Alberto.  |t Ruta de Orellana.  |b 1a edición.  |d Barcelona (España) : Ediciones B, [2008]  |z 9788498721256 
856 4 0 |3 Digitalia Hispánica  |u https://www.digitaliapublishing.com/a/53912/ 
910 |a Premium collection: 2025